Revista de derecho procesal 2012 - 2 : sistemas alternativos de solución de conflictos /
Guardado en:
| Formato: | Libro |
|---|---|
| Idioma: | Spanish |
| Publicado: |
Santa Fe :
Rubinzal - Culzoni,
2010.
|
| Edición: | 1a. ed. |
| Materias: | |
| Etiquetas: |
Agregar Etiqueta
Sin Etiquetas, Sea el primero en etiquetar este registro!
|
| LEADER | 00581nam a22001815a 4500 | ||
|---|---|---|---|
| 001 | DER.der010459 | ||
| 008 | 180615s2010####ag#||||||||||||||#||spa|| | ||
| 005 | 20231222134625.0 | ||
| 245 | 1 | 0 | |a Revista de derecho procesal 2012 - 2 : |b sistemas alternativos de solución de conflictos / |c Roland Arazi. |
| 250 | |a 1a. ed. | ||
| 260 | |a Santa Fe : |b Rubinzal - Culzoni, |c 2010. | ||
| 300 | |a 600 p. | ||
| 020 | |a 978-987-30-0134-5 | ||
| 700 | 1 | |a Arazi, Roland, |e dir. | |
| 650 | 7 | |a MEDIACION | |
| 650 | 7 | |a CADUCIDAD DE INSTANCIA | |
| 650 | 7 | |a NEGOCIACION | |
| 859 | |a DERECHO |b BIB. DERECHO |h 347.05 |i REV |p 006457 | ||
